00305nam a2200121Ia 4500008004100000082001500041100001500056245004400071250001000115260004100125300000900166650000800175191201s2013 xx 000 0 und d a332.6bBHI aBHALLA,V K 0aInvestment Management Security Analysis a19ed. aN. DelhibS Chand and Co. Ltd.c2013 a1420 aBBA